<?xml version="1.0" encoding="UTF-8"?><?xml-stylesheet type="text/xsl" href="static/style.xsl"?><OAI-PMH xmlns="http://www.openarchives.org/OAI/2.0/" xmlns:xsi="http://www.w3.org/2001/XMLSchema-instance" xsi:schemaLocation="http://www.openarchives.org/OAI/2.0/ http://www.openarchives.org/OAI/2.0/OAI-PMH.xsd"><responseDate>2026-06-03T05:00:56Z</responseDate><request verb="GetRecord" identifier="oai:riuma.uma.es:10630/32281" metadataPrefix="marc">https://riuma.uma.es/rest/oai/request</request><GetRecord><record><header><identifier>oai:riuma.uma.es:10630/32281</identifier><datestamp>2026-02-03T10:26:40Z</datestamp><setSpec>com_10630_1685</setSpec><setSpec>col_10630_38055</setSpec></header><metadata><record xmlns="http://www.loc.gov/MARC21/slim" xmlns:dcterms="http://purl.org/dc/terms/" xmlns:doc="http://www.lyncode.com/xoai" xmlns:xsi="http://www.w3.org/2001/XMLSchema-instance" xsi:schemaLocation="http://www.loc.gov/MARC21/slim http://www.loc.gov/standards/marcxml/schema/MARC21slim.xsd">
   <leader>00925njm 22002777a 4500</leader>
   <datafield ind2=" " ind1=" " tag="042">
      <subfield code="a">dc</subfield>
   </datafield>
   <datafield ind2=" " ind1=" " tag="720">
      <subfield code="a">Moya-Ordóñez, Lucía</subfield>
      <subfield code="e">author</subfield>
   </datafield>
   <datafield ind2=" " ind1=" " tag="260">
      <subfield code="c">2023</subfield>
   </datafield>
   <datafield ind2=" " ind1=" " tag="520">
      <subfield code="a">El objetivo de este proyecto es el desarrollo de un nuevo modelo de cuna evolutiva y convertible que se transforme en una cama Montessori al nivel del suelo, con el propósito de mejorar la funcionalidad y sostenibilidad en el mobiliario infantil. La cuna tradicional es un mueble comúnmente utilizado en hogares, con diferentes diseños y materiales que se adaptan a las necesidades y preferencias de cada familia. Una cuna evolutiva se caracteriza por su capacidad para adaptarse y crecer junto con el bebé, permitiendo su uso durante sus diferentes etapas de crecimiento. Una cuna convertible, por otro lado, ofrece la posibilidad de transformarse en otros muebles, como camas o escritorios, prolongando la vida útil del producto y reduciendo el desperdicio de recursos. &#xd;
Este proyecto se basa en una revisión exhaustiva de las tendencias actuales, el análisis del mercado y la competencia, así como los procesos de fabricación y comercialización asociados. Se trata de desarrollar un modelo innovador y sostenible utilizando herramientas como SolidWorks, que facilitará el diseño y estudio mediante el Método de Elementos Finitos (MEF), evaluando así la resistencia y estabilidad del diseño, asegurando su adecuación para un uso cotidiano de este producto.</subfield>
   </datafield>
   <datafield ind1="8" ind2=" " tag="024">
      <subfield code="a">https://hdl.handle.net/10630/32281</subfield>
   </datafield>
   <datafield tag="653" ind2=" " ind1=" ">
      <subfield code="a">Muebles - Diseño - Trabajos fin de grado</subfield>
   </datafield>
   <datafield ind2="0" ind1="0" tag="245">
      <subfield code="a">Diseño de una cuna evolutiva y convertible en cama Montessori.</subfield>
   </datafield>
</record>
</metadata></record></GetRecord></OAI-PMH>